Statistics for Nets without NETS

Click here to take the quiz!

General Stats

  • This quiz has been taken 5 times
  • The average score is 10 of 17

Answer Stats

Without NETSAnswer% Correct
Camro JohoCameron Johnson
100%
Mikal BridgMikal Bridges
100%
icola ClaxoNicolas Claxton
100%
Cam homaCam Thomas
80%
Doria Fiy-mihDorian Finney-Smith
80%
Loi Walkr IVLonnie Walker IV
80%
pcr DiwiddiSpencer Dinwiddie
80%
B immoBen Simmons
60%
Day’Ro harpDay’Ron Sharpe
60%
Di mih Jr.Dennis Smith Jr.
60%
Dariq WhihadDariq Whitehead
40%
Harry Gil IIIHarry Giles III
40%
Ko JohoKeon Johnson
40%
Royc O’alRoyce O'Neale
40%
Jal WiloJalen Wilson
20%
oah ClowyNoah Clowney
20%
rdo WafordTrendon Watford
20%

Score Distribution

Percentile by Number Answered

Percent of People with Each Score

Your Score History

You have not taken this quiz